|
|
|
|
| LEADER |
00000nas a2200000 4500 |
| 001 |
ssj0021443 |
| 003 |
WaSeSS |
| 005 |
20200512172242.0 |
| 006 |
m d |
| 007 |
cr n |
| 008 |
750901d19682014nyuqx p s 0 a0eng c |
| 010 |
|
|
|a sf 78000098
|
| 015 |
|
|
|a 012263303
|2 dnb
|
| 016 |
7 |
|
|a 012263303
|2 DE-101
|
| 016 |
7 |
|
|a 410666-0
|2 DE-600
|
| 016 |
7 |
|
|a 012767632
|2 Uk
|
| 022 |
|
|
|l 0022-412X
|y 0022-412X
|
| 024 |
7 |
|
|a 00370320
|
| 030 |
|
|
|a JRMAB9
|
| 035 |
|
|
|a (WaSeSS)ssj0021443
|
| 040 |
|
|
|a MUL
|b eng
|c MUL
|d NSD
|d OCL
|d DLC
|d NSD
|d AIP
|d NSD
|d NST
|d NSD
|d NST
|d WAU
|d SYS
|d OCLCQ
|d AU@
|d SINLB
|d OCLCQ
|d HEBIS
|d DEBBG
|d GBVCP
|d UKMGB
|d CWS
|d HNW
|d OCLCQ
|d OCLCF
|d UPM
|d GUA
|d IUL
|d GILDS
|d OL$
|d WaSeSS
|
| 042 |
|
|
|a nsdp
|a pcc
|
| 050 |
0 |
0 |
|a QA95
|b .J85
|
| 082 |
0 |
4 |
|a 510
|2 21
|
| 210 |
0 |
|
|a J. recreat. math.
|
| 222 |
|
0 |
|a Journal of recreational mathematics
|
| 245 |
0 |
0 |
|a Journal of recreational mathematics
|h [electronic resource].
|
| 260 |
|
|
|a [Amityville, NY, etc.]
|b Baywood Pub. Co.
|
| 310 |
|
|
|a Four issues per year
|
| 362 |
0 |
|
|a v. 1-38, no. 2; Jan. 1968-2014
|
| 506 |
|
|
|a License restrictions may limit access.
|
| 515 |
|
|
|a None published: 2009-2013.
|
| 650 |
|
0 |
|a Mathematics
|v Periodicals.
|
| 650 |
|
7 |
|a Mathematics.
|2 fast
|0 (OCoLC)fst01012163
|
| 655 |
|
0 |
|a Electronic journals.
|
| 850 |
|
|
|a CU-A
|a CoU
|a DLC
|a MiD
|a MsU
|a NhD
|a NcD
|a OU
|a OrCS
|a OrU-S
|a ViBlbV
|a ViU
|
| 853 |
3 |
3 |
|8 1
|a v.
|b no.
|i (year)
|
| 856 |
4 |
0 |
|z Full text available from Research Library: 04/01/2003 to 10/31/2005
|u https://search.proquest.com/publication/31970
|
| 863 |
4 |
0 |
|8 1
|a <1>-
|i <1968>-
|x provisional
|